Statystyki dla 15 najdroższych reprezentacji

Kliknij tutaj aby rozwiązać quiz!

Ogólne statystyki

  • Ten quiz został rozwiązany 330 razy
    (89 od ostatniego zresetowania)
  • Średni wynik to 12 z 15

Statystyki odpowiedzi

WartośćReprezentacja% Poprawnych
21,03 mld €Francja
100%
11,17mld €Anglia
99%
4848,50 mln €Argentyna
98%
5787,00 mln €Hiszpania
98%
6730,00 mln €Brazylia
96%
7623,00 mln €Włochy
96%
8545,50 mln €Niemcy
94%
3913,50 mln €Portugalia
93%
10458,30 mln €Belgia
87%
9520,00 mln €Holandia
84%
11360,30 mln €Chorwacja
78%
15293,00 mln €Turcja
52%
14310,10 mln €Maroko
46%
12342,90 mln €Serbia
40%
13338,50 mln €Nigeria
19%

Rozkład punktacji

Percentyl według liczby udzielonych odpowiedzi

Procent ludzi z każdym wynikiem

Twoja historia wyników

Nie rozwiązałeś tego quizu od ostatniego zresetowania